[Event "4.Nord-West-Cup"]
[Site "?"]
[Date "2002.??.??"]
[Round "1"]
[White "Pernutz, Hans-Gerhard"]
[Black "Nolte, Wilhelm"]
[Result "1-0"]
[WhiteElo "2191"]
[BlackElo "1692"]
[PlyCount "43"]

1. e4 e6 2. d4 d5 3. Nd2 dxe4 4. Nxe4 Bd7 5. Nf3 Bc6 6. Bd3 Bxe4 7. Bxe4 c6 8.
c3 Nf6 9. Bc2 Nbd7 10. O-O Be7 11. Qe2 O-O 12. Bg5 c5 13. Rad1 Qc7 14. Rfe1
Rfe8 15. Ne5 Rad8 16. Nxf7 Kxf7 17. Qxe6+ Kf8 18. Bb3 c4 19. Bxc4 Ne5 20. dxe5
Bc5 21. Rxd8 Rxd8 22. exf6 1-0

[Event "4.Nord-West-Cup"]
[Site "?"]
[Date "2002.??.??"]
[Round "1"]
[White "Carstens, Manfred"]
[Black "Olzem, Lothar"]
[Result "0-1"]
[WhiteElo "1689"]
[BlackElo "2185"]
[PlyCount "86"]

1. Nf3 d5 2. d4 Nf6 3. c4 dxc4 4. Nc3 c6 5. b3 cxb3 6. Qxb3 Qb6 7. Qc2 Nbd7 8.
e4 e6 9. Rb1 Qd8 10. e5 Nd5 11. Ne4 f6 12. Be2 Bb4+ 13. Bd2 Bxd2+ 14. Qxd2 O-O
15. O-O Qc7 16. Rb3 a5 17. exf6 N7xf6 18. Nxf6+ gxf6 19. Nh4 Qf4 20. Rg3+ Kh8
21. Qc2 Rg8 22. Rxg8+ Kxg8 23. g3 Qxd4 24. Rd1 Qc3 25. Qe4 Qe5 26. Qg4+ Qg5 27.
Qc4 Bd7 28. f4 Qg7 29. Qb3 b5 30. Bxb5 cxb5 31. Rxd5 a4 32. Qd3 Be8 33. Rd8
Qa7+ 34. Kg2 Kg7 35. Kh3 Rxd8 36. Qxd8 Qd7 37. Qb6 Bf7 38. Qe3 b4 39. Qf3 b3
40. axb3 axb3 41. f5 b2 42. Qg4+ Bg6 43. fxe6 Qb5 0-1

[Event "4.Nord-West-Cup"]
[Site "?"]
[Date "2002.??.??"]
[Round "1"]
[White "Zell, Stefan"]
[Black "Wiertzema, Michael"]
[Result "0-1"]
[WhiteElo "1678"]
[BlackElo "2169"]
[PlyCount "26"]

1. Nf3 d5 2. g3 g6 3. Bg2 Bg7 4. d3 e5 5. Nbd2 Ne7 6. O-O O-O 7. c4 d4 8. b4 h6
9. Ne1 g5 10. e4 dxe3 11. fxe3 e4 12. Rb1 exd3 13. Be4 Nbc6 0-1

[Event "4.Nord-West-Cup"]
[Site "?"]
[Date "2002.??.??"]
[Round "1"]
[White "Warns, Heiko"]
[Black "Eden, Wilke"]
[Result "1-0"]
[WhiteElo "2140"]
[BlackElo "1673"]
[PlyCount "63"]

1. e4 e5 2. Nc3 Nf6 3. f4 d6 4. Nf3 Bg4 5. h3 Bxf3 6. Qxf3 Nc6 7. Bb5 Nd7 8.
Bxc6 bxc6 9. O-O Be7 10. fxe5 Nxe5 11. Qe2 O-O 12. d4 Ng6 13. Qc4 Bf6 14. Be3
Qd7 15. Rae1 Rfe8 16. Kh1 Rab8 17. b3 a5 18. Qa4 Ra8 19. Rf5 Rxe4 20. Rxf6 Rxe3
21. Rxe3 gxf6 22. Nd5 Kg7 23. Rf3 f5 24. Ne3 f4 25. Nd5 Qe8 26. Nxf4 Qe1+ 27.
Kh2 Nxf4 28. Rxf4 Qc3 29. Rf3 Qxc2 30. d5 Re8 31. Qf4 Re7 32. Qf6+ 1-0

[Event "4.Nord-West-Cup"]
[Site "?"]
[Date "2002.??.??"]
[Round "1"]
[White "Korsus, Stephanie"]
[Black "Ostermeier, Ralf"]
[Result "0-1"]
[WhiteElo "1660"]
[BlackElo "2131"]
[PlyCount "114"]

1. e4 c6 2. Nf3 d5 3. exd5 cxd5 4. d4 Nc6 5. Nc3 Nf6 6. Bb5 a6 7. Ba4 b5 8. Bb3
Bg4 9. Be3 e6 10. a4 b4 11. Na2 Bd6 12. O-O O-O 13. c3 a5 14. c4 dxc4 15. Bxc4
Be7 16. Be2 Nd5 17. h3 Bf5 18. Rc1 Qb6 19. Bd3 Bxd3 20. Qxd3 Rac8 21. Rc4 Qb7
22. Nc1 Nb6 23. Rc2 Nxa4 24. Nb3 Nb6 25. Rfc1 a4 26. Nc5 Bxc5 27. Rxc5 Nd5 28.
Qc2 b3 29. Qc4 Nb6 30. Qb5 Na7 31. Qd3 Nd5 32. Qe4 Rxc5 33. dxc5 a3 34. Ng5 g6
35. Bd4 Nb5 36. Nxh7 Nxd4 37. Nxf8 axb2 38. Rb1 Qb4 39. Nxe6 fxe6 40. Qxg6+ Kf8
41. Qh6+ Ke8 42. Qh8+ Kd7 43. c6+ Kxc6 44. Qe8+ Kd6 45. Qf8+ Ke5 46. Qxb4 Nxb4
47. Rxb2 Nd3 48. Rb1 b2 49. Kf1 Ke4 50. h4 Kf4 51. Rd1 Nb3 52. g3+ Kg4 53. Kg2
Nbc1 54. f3+ Kh5 55. g4+ Kg6 56. h5+ Kg5 57. h6 b1=Q 0-1

[Event "4.Nord-West-Cup"]
[Site "?"]
[Date "2002.??.??"]
[Round "1"]
[White "Busch, Christian"]
[Black "Segelken, Peter"]
[Result "1-0"]
[WhiteElo "2112"]
[BlackElo "1656"]
[PlyCount "85"]

1. d4 d5 2. Nf3 Nc6 3. c4 e6 4. Nc3 Nf6 5. Bg5 Be7 6. e3 O-O 7. a3 Ne8 8. Bxe7
Nxe7 9. b4 c6 10. Qc2 b6 11. c5 f6 12. Bd3 g6 13. O-O Bd7 14. a4 Ng7 15. Rfc1
Qe8 16. Qb3 Nef5 17. b5 bxc5 18. dxc5 Kh8 19. e4 Ne7 20. Re1 Qc8 21. b6 axb6
22. cxb6 Qb7 23. a5 Rfb8 24. Reb1 Nc8 25. Qb4 Kg8 26. Na4 Be8 27. Nc5 Qe7 28.
b7 Ra7 29. bxc8=Q Rxc8 30. a6 dxe4 31. Bxe4 f5 32. Bd3 e5 33. Bc4+ Kh8 34. Nb7
c5 35. Qb6 Raa8 36. Qd6 Qxd6 37. Nxd6 Rd8 38. Bd5 Ra7 39. Nxe8 Rxd5 40. Nxg7
Kxg7 41. Rb7+ Rxb7 42. axb7 Rd8 43. Nxe5 1-0

[Event "4.Nord-West-Cup"]
[Site "?"]
[Date "2002.??.??"]
[Round "1"]
[White "Jenisch, Achim"]
[Black "Hoffmann, Ulrich"]
[Result "0-1"]
[WhiteElo "1601"]
[BlackElo "2109"]
[PlyCount "84"]

1. c4 c5 2. Nc3 Nc6 3. g3 g6 4. Bg2 Bg7 5. d3 d6 6. Rb1 Rb8 7. e4 e6 8. Nge2
Nge7 9. O-O O-O 10. a3 b6 11. Be3 Nd4 12. Bxd4 cxd4 13. Nb5 Nc6 14. a4 e5 15.
Qd2 a6 16. Na3 Be6 17. b3 Qd7 18. Nc2 b5 19. axb5 axb5 20. Ra1 h5 21. Na3 Na7
22. Nc2 bxc4 23. bxc4 Rb2 24. Rfb1 Rfb8 25. Qc1 Rxb1 26. Rxb1 Rxb1 27. Qxb1 Qa4
28. f4 Bxc4 29. dxc4 d3 30. Ne3 dxe2 31. Kf2 exf4 32. gxf4 Bd4 33. Kxe2 Nc6 34.
Qc2 Qa1 35. Nd1 Qa3 36. Qd3 Qa2+ 37. Kf1 Bc5 38. Qe2 Qb1 39. e5 Nd4 40. Be4 Qc1
41. Qd3 Qxf4+ 42. Nf2 Nf5 0-1

[Event "4.Nord-West-Cup"]
[Site "?"]
[Date "2002.??.??"]
[Round "1"]
[White "Perman, Torvald"]
[Black "van der Veen, Anne"]
[Result "1/2-1/2"]
[WhiteElo "2099"]
[BlackElo "1600"]
[PlyCount "90"]

1. c4 f5 2. Nf3 Nf6 3. g3 e6 4. Bg2 Be7 5. d4 O-O 6. O-O d6 7. Nc3 Qe8 8. Re1
Qg6 9. e4 Nxe4 10. Nxe4 fxe4 11. Rxe4 Qxe4 12. Nh4 Qxh4 13. gxh4 Bxh4 14. Be3
Nc6 15. Be4 Bf6 16. Qd3 g6 17. Kh1 Ne7 18. Qb3 Kh8 19. Rd1 Bg7 20. d5 e5 21. c5
Nf5 22. Bxf5 Rxf5 23. cxd6 cxd6 24. Qb4 Bf8 25. Rc1 Rf7 26. Rc4 b6 27. Qc3 Bb7
28. Qd2 Re8 29. Re4 Rc8 30. f4 Bg7 31. Kg2 Rf5 32. fxe5 Bxe5 33. Kg1 Bxd5 34.
Rxe5 Rxe5 35. Bd4 Bxa2 36. b3 Bxb3 37. Qb2 Bf7 38. Bxe5+ dxe5 39. Qxe5+ Kg8 40.
Qe7 Rc1+ 41. Kf2 Rc2+ 42. Kg3 Rc3+ 43. Kf2 Rc2+ 44. Kg3 Rc4 45. Qxa7 b5 1/2-1/2

[Event "4.Nord-West-Cup"]
[Site "?"]
[Date "2002.??.??"]
[Round "1"]
[White "Schippl, Thomas"]
[Black "Schmitz-Jordan, Juergen"]
[Result "0-1"]
[WhiteElo "1595"]
[BlackElo "2090"]
[PlyCount "90"]

1. d4 Nf6 2. c4 e5 3. dxe5 Ng4 4. Nf3 Bc5 5. e3 Nc6 6. Nc3 Ngxe5 7. a3 a5 8.
Be2 Nxf3+ 9. Bxf3 Ne5 10. b3 Nxf3+ 11. Qxf3 O-O 12. O-O Re8 13. Bb2 Ra6 14. Ne4
Bf8 15. Nd2 Rg6 16. Ne4 d5 17. Ng3 dxc4 18. bxc4 Bg4 19. Qd5 Qh4 20. f3 Be6 21.
Qe4 Qxe4 22. Nxe4 Bxc4 23. Rfc1 Rc6 24. Bd4 f5 25. Nc3 b5 26. Nd1 Bd6 27. Nb2
Bd5 28. Rxc6 Bxc6 29. Rc1 Bd5 30. a4 c6 31. axb5 cxb5 32. Rd1 Rd8 33. Bb6 Rd7
34. Rxd5 Bxh2+ 35. Kxh2 Rxd5 36. Bxa5 Re5 37. Bb6 Rd5 38. Kg1 Rd2 39. Nd3 Rxd3
40. e4 fxe4 41. fxe4 b4 42. Bc7 b3 43. Be5 Rd2 44. Bc3 Rc2 45. Bd4 b2 0-1

[Event "4.Nord-West-Cup"]
[Site "?"]
[Date "2002.??.??"]
[Round "1"]
[White "Schmidt, Oliver"]
[Black "Niemann, Heinrich"]
[Result "1-0"]
[WhiteElo "2087"]
[BlackElo "1590"]
[PlyCount "20"]

1. e4 e5 2. Nf3 Nf6 3. d4 Nxe4 4. Bd3 d5 5. Nxe5 Bd6 6. Nd2 Nxd2 7. Bxd2 O-O 8.
O-O f6 9. Qh5 h6 10. Bxh6 gxh6 1-0

[Event "4.Nord-West-Cup"]
[Site "?"]
[Date "2002.??.??"]
[Round "1"]
[White "Boos, Hanspeter"]
[Black "Langer, Wolfgang"]
[Result "1/2-1/2"]
[WhiteElo "1585"]
[BlackElo "2081"]
[PlyCount "70"]

1. e4 c5 2. Nc3 Nc6 3. g3 g6 4. Bg2 Bg7 5. d3 d6 6. Be3 e6 7. Qd2 Rb8 8. a4
Nge7 9. Bh6 O-O 10. h4 Bxh6 11. Qxh6 Kh8 12. h5 Ng8 13. Qd2 g5 14. g4 e5 15. f3
a6 16. Nge2 b5 17. axb5 axb5 18. Ng3 f6 19. O-O Nge7 20. Rf2 Be6 21. Nd1 Ra8
22. Rxa8 Qxa8 23. c3 Qa4 24. Ne3 Ra8 25. Kh2 Qb3 26. Nef5 Bxf5 27. exf5 d5 28.
Qe3 d4 29. Qc1 c4 30. Ne4 Rf8 31. Nxg5 fxg5 32. Qxg5 cxd3 33. f6 Qf7 34. fxe7
Rg8 35. Qd2 Qc4 1/2-1/2

[Event "4.Nord-West-Cup"]
[Site "?"]
[Date "2002.??.??"]
[Round "1"]
[White "Eickhoff, Hermann"]
[Black "Ungar, Benedict"]
[Result "1-0"]
[WhiteElo "2074"]
[BlackElo "1576"]
[PlyCount "89"]

1. e4 Nc6 2. Nf3 d6 3. Bc4 Nf6 4. d3 Bg4 5. c3 h6 6. Qb3 e6 7. Qxb7 Ne7 8. Bb5+
Nd7 9. Nd4 Qb8 10. Qa6 e5 11. h3 Qb6 12. hxg4 Qxa6 13. Bxa6 exd4 14. cxd4 Rb8
15. b3 Nc6 16. Kd2 Nxd4 17. Bb2 Ne6 18. Nc3 c6 19. Bc4 Be7 20. g3 O-O 21. f4
Bf6 22. Bxe6 fxe6 23. Na4 Bxb2 24. Nxb2 Nc5 25. Ke3 Rfd8 26. Rac1 Rb6 27. d4
Nd7 28. Nc4 Ra6 29. Nxd6 Nf6 30. e5 Nd5+ 31. Kf3 Rxa2 32. Rxc6 Rb8 33. Rc8+
Rxc8 34. Nxc8 Rc2 35. Nxa7 Rc3+ 36. Kg2 Rxb3 37. Nc6 Ne3+ 38. Kh3 Nd5 39. Rf1
Rc3 40. Nd8 Nc7 41. f5 exf5 42. gxf5 Kf8 43. Ne6+ Nxe6 44. fxe6+ Ke7 45. d5 1-0

[Event "4.Nord-West-Cup"]
[Site "?"]
[Date "2002.??.??"]
[Round "1"]
[White "Strunski, Andreas"]
[Black "Wahrenberg, Ralf"]
[Result "0-1"]
[WhiteElo "1570"]
[BlackElo "2069"]
[PlyCount "64"]

1. e4 e5 2. Nf3 Nc6 3. d4 exd4 4. Nxd4 Nf6 5. Nc3 Bb4 6. Nxc6 bxc6 7. e5 Qe7 8.
f4 Ne4 9. Qf3 d5 10. a3 Bxc3+ 11. bxc3 O-O 12. Bd3 Nc5 13. O-O f6 14. Qh5 g6
15. exf6 Qxf6 16. Qe5 Bg4 17. Be3 Nxd3 18. cxd3 Be2 19. Rf2 Bxd3 20. Qxc7 Rf7
21. Qe5 a6 22. Bd4 Qxe5 23. Bxe5 Rb7 24. Rd2 Be4 25. Rd4 Rb2 26. Kf1 Bxg2+ 27.
Kg1 Be4 28. Rf1 Rg2+ 29. Kh1 Rg4+ 30. Rxe4 dxe4 31. Rd1 e3 32. Re1 Rd8 0-1

[Event "4.Nord-West-Cup"]
[Site "?"]
[Date "2002.??.??"]
[Round "1"]
[White "Kuenitz, Klaus"]
[Black "Reininga, Jannes"]
[Result "1-0"]
[WhiteElo "2068"]
[BlackElo "1562"]
[PlyCount "51"]

1. Nf3 d5 2. d4 Nf6 3. c4 e6 4. Nc3 c6 5. e3 Be7 6. Qc2 O-O 7. e4 dxe4 8. Nxe4
Nbd7 9. Bd3 Re8 10. O-O b6 11. Bg5 h6 12. Bf4 Nf8 13. Ne5 Bb7 14. Rad1 Qc8 15.
Qe2 Rd8 16. Rfe1 c5 17. dxc5 bxc5 18. Nxf6+ Bxf6 19. Qg4 Rd4 20. Nf3 h5 21. Qg3
e5 22. Nxe5 Rxf4 23. Qxf4 Bxe5 24. Qxe5 Qg4 25. Qg3 Qd4 26. Bh7+ 1-0

[Event "4.Nord-West-Cup"]
[Site "?"]
[Date "2002.??.??"]
[Round "1"]
[White "Stindt, Rolf"]
[Black "Lammers, Markus"]
[Result "0-1"]
[WhiteElo "1557"]
[BlackElo "2063"]
[PlyCount "52"]

1. d4 Nf6 2. Nf3 e6 3. Bf4 Bd6 4. Bxd6 cxd6 5. e3 O-O 6. Be2 b6 7. c4 d5 8.
Nbd2 Bb7 9. O-O d6 10. Rc1 Nbd7 11. b4 dxc4 12. Nxc4 Qe7 13. a3 Rfd8 14. Qd3 e5
15. dxe5 Nxe5 16. Ncxe5 dxe5 17. Qf5 e4 18. Nd4 Rd5 19. Qf4 Rd7 20. Bb5 Nd5 21.
Qg4 Rc7 22. Bc6 Bxc6 23. Rxc6 Nf6 24. Qe2 Rac8 25. b5 Qxa3 26. Rfc1 Qxc1+ 0-1

[Event "4.Nord-West-Cup"]
[Site "?"]
[Date "2002.??.??"]
[Round "1"]
[White "Hank, Holger"]
[Black "Keck, Martin"]
[Result "1-0"]
[WhiteElo "2054"]
[BlackElo "1555"]
[PlyCount "43"]

1. c4 c5 2. g3 g6 3. Bg2 Bg7 4. Nc3 Nc6 5. Rb1 d6 6. a3 a5 7. e3 e5 8. Nge2
Nge7 9. O-O f5 10. Nb5 e4 11. d4 exd3 12. Qxd3 Be6 13. Nf4 Bg8 14. Nxd6+ Kf8
15. Rd1 Be5 16. b3 Bxd6 17. Qxd6 Qxd6 18. Rxd6 a4 19. Bb2 axb3 20. Bxh8 Rxa3
21. Nd5 Nc8 22. Rd7 1-0

[Event "4.Nord-West-Cup"]
[Site "?"]
[Date "2002.??.??"]
[Round "1"]
[White "van Hove, Ode"]
[Black "Margraf, Daniel"]
[Result "0-1"]
[WhiteElo "1485"]
[BlackElo "2039"]
[PlyCount "68"]

1. e4 c5 2. d4 cxd4 3. c3 dxc3 4. Nxc3 d6 5. Nf3 Nf6 6. Bc4 g6 7. O-O Nc6 8. e5
dxe5 9. Qxd8+ Nxd8 10. Nb5 Be6 11. Nc7+ Kd7 12. Nxe6 fxe6 13. Bb5+ Kc7 14. Nxe5
Nd5 15. Bd2 a6 16. Bd3 Bg7 17. Rfe1 b5 18. Rab1 Kd6 19. Nf3 Nc6 20. Ng5 Ne5 21.
Ne4+ Kd7 22. Bc2 Rac8 23. Bb3 Nd3 24. Re2 Nxb2 25. Ng5 Rc6 26. Nf7 Rhc8 27.
Ne5+ Bxe5 28. Rxe5 Nc4 29. Bxc4 Rxc4 30. Rbe1 R8c6 31. a3 Rc2 32. R5e2 Nc3 33.
Bxc3 Rxe2 34. Rxe2 Rxc3 0-1

[Event "4.Nord-West-Cup"]
[Site "?"]
[Date "2002.??.??"]
[Round "1"]
[White "Gudat, Alfons"]
[Black "Meyer, Eric"]
[Result "1-0"]
[WhiteElo "2032"]
[BlackElo "1483"]
[PlyCount "53"]

1. e4 e5 2. Nf3 Nf6 3. d4 Nxe4 4. Bd3 d5 5. Nxe5 Bd6 6. O-O O-O 7. c4 c6 8. Nc3
Bf5 9. Qf3 f6 10. Qxf5 fxe5 11. Qe6+ Kh8 12. dxe5 Re8 13. Qh3 Rxe5 14. f3 Nf6
15. g4 Qc8 16. Bf5 Rxf5 17. gxf5 dxc4 18. Bg5 Ne8 19. Rad1 Nd7 20. Rfe1 Qc7 21.
Kh1 Ne5 22. Qh5 Nf7 23. Ne4 Be5 24. Nc5 Nxg5 25. Qxg5 Bf6 26. Qh5 Nd6 27. Rxd6
1-0

[Event "4.Nord-West-Cup"]
[Site "?"]
[Date "2002.??.??"]
[Round "1"]
[White "Frerichs, Manfred"]
[Black "Koehne, Arno"]
[Result "0-1"]
[WhiteElo "1457"]
[BlackElo "2028"]
[PlyCount "100"]

1. e4 c6 2. d4 d5 3. e5 c5 4. dxc5 e6 5. Be3 Nd7 6. f4 Bxc5 7. Bxc5 Nxc5 8. Nf3
Qb6 9. b3 Ne7 10. Bd3 Bd7 11. Nc3 Rc8 12. Ne2 Nxd3+ 13. cxd3 Nf5 14. Rc1 O-O
15. d4 Bb5 16. Rxc8 Rxc8 17. Qd2 Qa6 18. Kf2 Bxe2 19. Qxe2 Qxe2+ 20. Kxe2 Rc2+
21. Kd3 Rxa2 22. Rc1 g6 23. Rc8+ Kg7 24. g4 Nh6 25. Rc7 Ra6 26. g5 Nf5 27. Rxb7
Ra1 28. b4 Ra3+ 29. Ke2 Re3+ 30. Kf2 Rb3 31. b5 Rb2+ 32. Ke1 Ne3 33. Rxa7 Rxb5
34. Ra2 Rb3 35. Kf2 Nd1+ 36. Kg3 Nc3 37. Rc2 Ne4+ 38. Kg2 Rd3 39. Rb2 Ra3 40.
Rc2 Nc3 41. Rb2 Nd1 42. Rd2 Ne3+ 43. Kf2 Nf5 44. Kg2 Ne3+ 45. Kf2 Nc4 46. Rc2
Rd3 47. Ke2 Re3+ 48. Kf2 Re4 49. Kg3 Ne3 50. Kf2 Nxc2 0-1

[Event "4.Nord-West-Cup"]
[Site "?"]
[Date "2002.??.??"]
[Round "1"]
[White "Fischbach, Harald"]
[Black "Arora, Manuel"]
[Result "1-0"]
[WhiteElo "2199"]
[BlackElo "1428"]
[PlyCount "61"]

1. e4 c5 2. c3 d6 3. d4 cxd4 4. cxd4 Nf6 5. Nc3 e6 6. Be3 Be7 7. Qf3 Nbd7 8.
Be2 a6 9. g4 O-O 10. h4 Ne8 11. Qg3 b5 12. h5 Bb7 13. f3 Nc7 14. g5 d5 15. e5
g6 16. Bd3 Re8 17. Nge2 Bb4 18. hxg6 fxg6 19. Qh4 Bxc3+ 20. bxc3 Nf8 21. Nf4
Re7 22. Bc1 Qe8 23. Ba3 Rg7 24. Nh3 Qf7 25. Ke2 Rc8 26. Nf2 Na8 27. Ng4 Kh8 28.
Bxf8 Rxf8 29. Nf6 Nb6 30. Qh6 Nd7 31. Bxg6 1-0

[Event "4.Nord-West-Cup"]
[Site "?"]
[Date "2002.??.??"]
[Round "1"]
[White "Toth, Hans-Juergen"]
[Black "Krause, Thomas"]
[Result "0-1"]
[WhiteElo "1427"]
[BlackElo "2182"]
[PlyCount "84"]

1. d4 d5 2. c4 c6 3. Nf3 e6 4. e3 Nf6 5. Nc3 Nbd7 6. Bd3 Be7 7. O-O O-O 8. Qc2
dxc4 9. Bxc4 b5 10. Bd3 a6 11. a3 c5 12. dxc5 Nxc5 13. Rd1 Nxd3 14. Rxd3 Qc7
15. Qd2 Bb7 16. b4 Rfd8 17. Bb2 Ne4 18. Nxe4 Bxe4 19. Rxd8+ Rxd8 20. Qc3 Qxc3
21. Bxc3 Rc8 22. Bd4 Rc2 23. Ne1 Rc4 24. f3 Bg6 25. Rd1 h5 26. Kf2 h4 27. f4
Be4 28. Rd2 a5 29. bxa5 Ra4 30. Bb6 Rxa3 31. Rd7 Bb4 32. Rd4 Ra2+ 33. Kf1 Bxe1
34. Kxe1 Bxg2 35. Rd2 Ra1+ 36. Kf2 Be4 37. Rb2 Rh1 38. Rxb5 Rxh2+ 39. Ke1 f5
40. a6 Ra2 41. Ra5 Rxa5 42. Bxa5 h3 0-1

[Event "4.Nord-West-Cup"]
[Site "?"]
[Date "2002.??.??"]
[Round "1"]
[White "Lichman, Peter"]
[Black "Reinhard, Ralf-Peter"]
[Result "1-0"]
[WhiteElo "2091"]
[BlackElo "1400"]
[PlyCount "45"]

1. e4 Nf6 2. e5 Nd5 3. d4 d6 4. c4 Nb6 5. exd6 exd6 6. Nc3 Be7 7. h3 Nc6 8. Nf3
Bf5 9. Be3 Bf6 10. Be2 O-O 11. O-O Re8 12. Qb3 Qd7 13. a4 a5 14. c5 Nc8 15. Bb5
Qe7 16. Nd5 Qd8 17. Rfe1 Bd7 18. Nxf6+ Qxf6 19. Bg5 Qg6 20. Rxe8+ Bxe8 21. d5
Nd4 22. Nxd4 Bxb5 23. Qxb5 1-0

[Event "4.Nord-West-Cup"]
[Site "?"]
[Date "2002.??.??"]
[Round "1"]
[White "Kohlmann, Christian"]
[Black "Brandes, Stephan"]
[Result "0-1"]
[WhiteElo "1386"]
[BlackElo "2068"]
[PlyCount "46"]

1. d4 Nf6 2. Nf3 d5 3. c4 c6 4. Bf4 dxc4 5. e3 b5 6. a4 e6 7. axb5 cxb5 8. Qc2
Bb7 9. Nc3 Bb4 10. Be2 Be4 11. Qc1 O-O 12. O-O Bxc3 13. Qxc3 Nd5 14. Qa3 Nxf4
15. exf4 Nc6 16. Ng5 Nxd4 17. Qe3 Nxe2+ 18. Qxe2 Bd3 19. Qh5 h6 20. Rfd1 hxg5
21. fxg5 Qe7 22. g6 fxg6 23. Qxb5 Rab8 0-1

[Event "4.Nord-West-Cup"]
[Site "?"]
[Date "2002.??.??"]
[Round "1"]
[White "Korba, Roman"]
[Black "Otte, Klaus"]
[Result "1-0"]
[WhiteElo "2061"]
[BlackElo "1345"]
[PlyCount "81"]

1. c4 Nf6 2. Nc3 d5 3. cxd5 Nxd5 4. e4 Nxc3 5. bxc3 e6 6. Nf3 Be7 7. d4 O-O 8.
Bd3 Nd7 9. O-O b6 10. Re1 Bb7 11. Qe2 Re8 12. Bb2 c5 13. Red1 cxd4 14. cxd4 Bf6
15. Rac1 Rc8 16. Rxc8 Qxc8 17. Rc1 Qb8 18. Bb5 Rd8 19. Ba3 Nf8 20. e5 Bxf3 21.
Qxf3 Bg5 22. Rc4 Rc8 23. Bd6 Qa8 24. Bc6 Rxc6 25. Qxc6 Qxc6 26. Rxc6 g6 27. Rc8
Bh6 28. g4 Bg7 29. g5 h6 30. h4 hxg5 31. hxg5 b5 32. Kf1 a5 33. Ke2 b4 34. Kd3
Kh7 35. Bxf8 Bxf8 36. Rxf8 Kg7 37. Ra8 Kh7 38. Rxa5 Kg7 39. Rb5 Kf8 40. Rxb4
Ke7 41. a4 1-0

[Event "4.Nord-West-Cup"]
[Site "?"]
[Date "2002.??.??"]
[Round "2"]
[White "Muehlenhaus, Sven"]
[Black "Bischoff, Klaus"]
[Result "0-1"]
[WhiteElo "2207"]
[BlackElo "2558"]
[PlyCount "126"]

1. d4 Nf6 2. Nf3 e6 3. Bg5 h6 4. Bh4 c5 5. c3 b6 6. e3 Bb7 7. Nbd2 Be7 8. Bd3
d6 9. h3 Nbd7 10. Qe2 a6 11. a4 cxd4 12. exd4 Nd5 13. Bg3 N7f6 14. Nh2 g6 15.
O-O Qd7 16. Nc4 Nh5 17. Be4 Rb8 18. a5 b5 19. Bxd5 Bxd5 20. Nb6 Qb7 21. Nxd5
Qxd5 22. Ng4 Rc8 23. Ne3 Qb7 24. Nc2 Nf6 25. Bh4 Nd5 26. Bxe7 Kxe7 27. Qf3 Rc7
28. Rac1 h5 29. Ne3 Nf6 30. Qf4 Qe4 31. Qg5 h4 32. f3 Qd3 33. Nd5+ exd5 34.
Rce1+ Kd7 35. Qxf6 Rhc8 36. Re7+ Kc6 37. Qxf7 Qd2 38. Rxc7+ Rxc7 39. Qxg6 Qxb2
40. Qe8+ Kb7 41. Qg8 Qa2 42. Re1 Qxa5 43. Re8 Qxc3 44. Rb8+ Ka7 45. Ra8+ Kb6
46. Qb8+ Ka5 47. Qd8 Qxd4+ 48. Kh2 Qe5+ 49. f4 Qxf4+ 50. Kh1 Qc1+ 51. Kh2 Qf4+
52. Kh1 Qc1+ 53. Kh2 Qc6 54. Rc8 Kb6 55. Rxc7 Qxc7 56. Qxh4 a5 57. Qf4 a4 58.
h4 a3 59. h5 Qc5 60. h6 a2 61. Qf8 a1=Q 62. Qb8+ Ka6 63. Qa8+ Qa7 0-1

[Event "4.Nord-West-Cup"]
[Site "?"]
[Date "2002.??.??"]
[Round "2"]
[White "Zezulkin, Jurij"]
[Black "Dewenter, Ulf"]
[Result "1-0"]
[WhiteElo "2523"]
[BlackElo "2193"]
[PlyCount "47"]

1. e4 e6 2. d4 d5 3. Nc3 Nc6 4. Nf3 Nf6 5. e5 Ne4 6. Ne2 f6 7. Ng3 Bd7 8. Bd3
f5 9. c3 Be7 10. Nh5 O-O 11. h4 Qe8 12. Nf4 Na5 13. Ng5 Nxg5 14. hxg5 g6 15.
Qf3 Qf7 16. Qg3 b6 17. Be3 Rfe8 18. O-O-O c5 19. Rh3 cxd4 20. cxd4 Rec8+ 21.
Kb1 Be8 22. Rdh1 Nc4 23. Nxe6 Qxe6 24. Rxh7 1-0

[Event "4.Nord-West-Cup"]
[Site "?"]
[Date "2002.??.??"]
[Round "2"]
[White "Pel, Bonno"]
[Black "Podzielny, Karl-Heinz"]
[Result "0-1"]
[WhiteElo "2191"]
[BlackElo "2501"]
[PlyCount "84"]

1. Nc3 c5 2. Nf3 e6 3. d4 cxd4 4. Nxd4 a6 5. g3 Nf6 6. Bg2 Qc7 7. O-O Be7 8. e4
d6 9. a4 Nc6 10. b3 Bd7 11. Ba3 Nxd4 12. Qxd4 Rc8 13. Bb2 O-O 14. Rfe1 Rfd8 15.
Re2 Qa5 16. Nd1 Qh5 17. Rd2 Bc6 18. Ne3 Qg6 19. f3 h5 20. c4 h4 21. g4 Nd7 22.
a5 Bg5 23. Re1 Nc5 24. Qc3 Bf4 25. Bf1 Be5 26. Qc2 Qf6 27. Bxe5 dxe5 28. Rxd8+
Rxd8 29. Be2 Qf4 30. Qc3 h3 31. Nf1 Rd4 32. Ng3 Nd3 33. Bxd3 Qxf3 34. Qc2 Rxd3
35. b4 Rc3 36. Qd2 Rxc4 37. Qd8+ Be8 38. Qd2 Rd4 39. Qc2 Bc6 40. g5 g6 41. Rf1
Qe3+ 42. Rf2 Qxg5 0-1

[Event "4.Nord-West-Cup"]
[Site "?"]
[Date "2002.??.??"]
[Round "2"]
[White "Fish, Gennadij"]
[Black "Pernutz, Hans-Gerhard"]
[Result "1-0"]
[WhiteElo "2499"]
[BlackElo "2191"]
[PlyCount "71"]

1. d4 Nf6 2. c4 c5 3. d5 b5 4. cxb5 a6 5. bxa6 d6 6. Nc3 Bxa6 7. e4 Bxf1 8.
Kxf1 g6 9. g3 Bg7 10. Kg2 Nbd7 11. Nf3 O-O 12. h3 Ra6 13. Re1 Qa8 14. Re2 Rb8
15. Qc2 Ne8 16. Rb1 Nc7 17. Bf4 Nb5 18. Nxb5 Rxb5 19. b3 Qb7 20. Rd1 Rba5 21.
a4 c4 22. bxc4 Rxa4 23. Rb1 Qc7 24. c5 Qxc5 25. Rb7 Nf8 26. Qxc5 dxc5 27. Rxe7
Ra8 28. e5 Rd8 29. e6 Rxd5 30. exf7+ Kh8 31. Rc7 Rxf4 32. gxf4 Rf5 33. Re8 h6
34. Ne5 Kh7 35. Nd7 Rxf4 36. Nxf8+ 1-0

[Event "4.Nord-West-Cup"]
[Site "?"]
[Date "2002.??.??"]
[Round "2"]
[White "Voloshin, Leonid"]
[Black "van Linde, Paul"]
[Result "1/2-1/2"]
[WhiteElo "2437"]
[BlackElo "2181"]
[PlyCount "47"]

1. d4 d5 2. Nf3 c6 3. c4 Nf6 4. Qc2 dxc4 5. Qxc4 e6 6. g3 b5 7. Qc2 Bb7 8. Bg2
Nbd7 9. a4 a6 10. axb5 axb5 11. Rxa8 Qxa8 12. Bg5 Nd5 13. O-O c5 14. Na3 Qa4
15. Rc1 h6 16. Bd2 cxd4 17. Qxa4 bxa4 18. Nxd4 Bc5 19. Ndb5 O-O 20. Nc3 Nxc3
21. Rxc3 Bxg2 22. Kxg2 Rb8 23. Bc1 Bd4 24. Rc2 1/2-1/2

[Event "4.Nord-West-Cup"]
[Site "?"]
[Date "2002.??.??"]
[Round "2"]
[White "Wiertzema, Michael"]
[Black "Lingnau, Carsten"]
[Result "0-1"]
[WhiteElo "2169"]
[BlackElo "2436"]
[PlyCount "106"]

1. Nf3 Nf6 2. g3 d5 3. c4 e6 4. Bg2 dxc4 5. Qa4+ c6 6. Qxc4 b5 7. Qc2 Bb7 8.
O-O Be7 9. d4 Nbd7 10. Nc3 O-O 11. e4 b4 12. e5 bxc3 13. exf6 Bxf6 14. bxc3 c5
15. Ng5 Bxg5 16. Bxb7 Rb8 17. Bxg5 Qxg5 18. Bg2 cxd4 19. cxd4 Rfc8 20. Qa4 Rc7
21. h4 Qf6 22. Rad1 Nb6 23. Qb3 Qd8 24. Rfe1 Nd5 25. Bxd5 Rxb3 26. Bxb3 g6 27.
d5 exd5 28. Rxd5 Qf6 29. Red1 Re7 30. Rd7 Kg7 31. Rxe7 Qxe7 32. Rd4 a5 33. Ra4
Qe1+ 34. Kg2 Qe5 35. Rf4 f5 36. Rc4 h6 37. Rf4 g5 38. Rc4 Qd5+ 39. Kg1 Qe5 40.
h5 Qe1+ 41. Kg2 Qe5 42. Ra4 Kf6 43. Rc4 Ke7 44. Kf1 Kd6 45. Kg2 Qd5+ 46. Kg1
Qf3 47. Ra4 f4 48. gxf4 gxf4 49. Rd4+ Kc5 50. Bd1 Qc3 51. Rd7 Qa1 52. Kg2 Qxa2
53. Bf3 a4 0-1

[Event "4.Nord-West-Cup"]
[Site "?"]
[Date "2002.??.??"]
[Round "2"]
[White "Jugelt, Tobias"]
[Black "Warns, Heiko"]
[Result "1-0"]
[WhiteElo "2433"]
[BlackElo "2140"]
[PlyCount "53"]

1. d4 d5 2. Bg5 c5 3. Nc3 Qa5 4. dxc5 e6 5. e4 Be7 6. Bd2 Qxc5 7. exd5 Nf6 8.
Be3 Qb4 9. a3 Qa5 10. b4 Qd8 11. Bb5+ Kf8 12. dxe6 Qc7 13. Nge2 Bxe6 14. Bf4
Qb6 15. Nd4 Nd5 16. Na4 Qd8 17. Nxe6+ fxe6 18. Be5 a6 19. Bd3 Nc6 20. Bb2 b5
21. Qf3+ Bf6 22. Nc5 Qd6 23. O-O Kf7 24. Be4 Ne5 25. Bxe5 Qxe5 26. Rad1 Rad8
27. Nxe6 1-0

[Event "4.Nord-West-Cup"]
[Site "?"]
[Date "2002.??.??"]
[Round "2"]
[White "Ostermeier, Ralf"]
[Black "Meins, Gerlef"]
[Result "1/2-1/2"]
[WhiteElo "2131"]
[BlackElo "2393"]
[PlyCount "82"]

1. e4 c5 2. Nf3 Nc6 3. Bb5 g6 4. Bxc6 dxc6 5. d3 Bg7 6. Nc3 e5 7. h3 f6 8. Be3
b6 9. a4 Nh6 10. a5 Be6 11. Qe2 Nf7 12. Na4 O-O 13. O-O Rb8 14. axb6 axb6 15.
Ra3 f5 16. exf5 gxf5 17. Nc3 Bd5 18. Ra7 Qf6 19. Rfa1 Kh8 20. Ne1 Nd6 21. R1a6
Nc8 22. Ra8 Rxa8 23. Rxa8 Qf7 24. Qd1 c4 25. Qa1 cxd3 26. cxd3 f4 27. Bd2 f3
28. Nxd5 fxg2 29. Be3 cxd5 30. Qa2 Bh6 31. Nxg2 Bxe3 32. fxe3 Qf3 33. b4 Rg8
34. Qf2 Qxf2+ 35. Kxf2 Ne7 36. Rxg8+ Kxg8 37. d4 exd4 38. exd4 Nc6 39. b5 Nxd4
40. Ne3 Nxb5 41. Nxd5 Nd6 1/2-1/2